000
00221nam a2200097Ia 4500
008
220204s9999 xx 000 0 und d
082
_a
82-3
_b
JOS
100
_a
Niharika
245
0
_a
Mystery of the Fake Arjuna
942
_c
BK
999
_c
38594
_d
38594